George Harrison Solo Albums - Statistics

General Stats
  • This quiz has been taken 102 times
  • The average score is 9 of 12
Answer Stats
Album Title Released % Correct
All Things Must Pass 1970
99%
Cloud Nine 1987
88%
Dark Horse 1974
87%
George Harrison 1979
83%
Living In The Material World 1973
80%
Somewhere In England 1981
79%
Brainwashed 2002
77%
Thirty Three & 1/3 1976
71%
Gone Troppo 1982
67%
Wonderwall Music 1968
64%
Electronic Sound 1969
61%
Extra Texture (Read All About It) 1975
41%
No matching quizzes found
Score Distribution
Percent of People with Each Score
Percentile by Number Answered
Your Score History
You have not taken this quiz